<?xml version="1.0" encoding="UTF-8"?>
<record
    xmlns:xsi="http://www.w3.org/2001/XMLSchema-instance"
    xsi:schemaLocation="http://www.loc.gov/MARC21/slim http://www.loc.gov/standards/marcxml/schema/MARC21slim.xsd"
    xmlns="http://www.loc.gov/MARC21/slim">

  <leader>01155nam a2200241Ia 4500</leader>
  <datafield tag="999" ind1=" " ind2=" ">
    <subfield code="c">53140</subfield>
    <subfield code="d">53140</subfield>
  </datafield>
  <controlfield tag="001">20179</controlfield>
  <controlfield tag="003">GE_BSU</controlfield>
  <controlfield tag="005">20230124120401.0</controlfield>
  <controlfield tag="008">181216s2006ge  xx |||||||||||||| ||geo||</controlfield>
  <datafield tag="020" ind1=" " ind2=" ">
    <subfield code="a">99940-36-58-0</subfield>
  </datafield>
  <datafield tag="040" ind1=" " ind2=" ">
    <subfield code="c">GE_BSU</subfield>
  </datafield>
  <datafield tag="041" ind1=" " ind2=" ">
    <subfield code="a">geo</subfield>
  </datafield>
  <datafield tag="080" ind1=" " ind2=" ">
    <subfield code="a">340.63(075.8) &#x10E1;-30</subfield>
  </datafield>
  <datafield tag="245" ind1=" " ind2=" ">
    <subfield code="a">&#x10E1;&#x10D0;&#x10E1;&#x10D0;&#x10DB;&#x10D0;&#x10E0;&#x10D7;&#x10DA;&#x10DD; &#x10E4;&#x10E1;&#x10D8;&#x10E5;&#x10D8;&#x10D0;&#x10E2;&#x10E0;&#x10D8;&#x10D0;  /</subfield>
    <subfield code="c">&#x10EA;. &#x10E1;&#x10D0;&#x10DB;&#x10E1;&#x10DD;&#x10DC;&#x10D8;&#x10EB;&#x10D4; , &#x10D2;. &#x10DC;&#x10D0;&#x10DC;&#x10D4;&#x10D8;&#x10E8;&#x10D5;&#x10D8;&#x10DA;&#x10D8;, &#x10D3;. &#x10D6;&#x10E3;&#x10E0;&#x10D0;&#x10D1;&#x10D0;&#x10E8;&#x10D5;&#x10D8;&#x10DA;&#x10D8;, &#x10D6;.&#x10D1;&#x10D4;&#x10E0;&#x10D0;&#x10D8;&#x10D0;, &#x10D7;.&#x10EE;&#x10D0;&#x10E0;&#x10D4;&#x10D1;&#x10D0;&#x10D5;,&#x10D7;.&#x10D1;&#x10D0;&#x10D6;&#x10E6;&#x10D0;&#x10EB;&#x10D4;</subfield>
  </datafield>
  <datafield tag="264" ind1=" " ind2=" ">
    <subfield code="a">&#x10D7;&#x10D1;&#x10D8;&#x10DA;&#x10D8;&#x10E1;&#x10D8; :</subfield>
    <subfield code="b">[&#x10D7;&#x10DD;&#x10D1;&#x10D0;&#x10DA;&#x10D8;&#x10E1;&#x10D8;],</subfield>
    <subfield code="c">2006.</subfield>
  </datafield>
  <datafield tag="300" ind1=" " ind2=" ">
    <subfield code="a">463  &#x10D2;&#x10D5;. ;</subfield>
    <subfield code="b"> 21 &#x10E1;&#x10DB;.</subfield>
  </datafield>
  <datafield tag="653" ind1=" " ind2=" ">
    <subfield code="a">&#x10E1;&#x10D0;&#x10DB;&#x10D0;&#x10E0;&#x10D7;&#x10D0;&#x10DA;&#x10D8;</subfield>
  </datafield>
  <datafield tag="653" ind1=" " ind2=" ">
    <subfield code="a">&#x10E1;&#x10D0;&#x10E1;&#x10D0;&#x10DB;&#x10D0;&#x10E0;&#x10D7;&#x10DA;&#x10DD; &#x10E4;&#x10E1;&#x10D8;&#x10E5;&#x10D8;&#x10D0;&#x10E2;&#x10E0;&#x10D8;&#x10D8;&#x10E1; &#x10E1;&#x10D0;&#x10EE;&#x10D4;&#x10DA;&#x10DB;&#x10EB;&#x10E6;&#x10D5;&#x10D0;&#x10DC;&#x10D4;&#x10DA;&#x10DD;&#x10D4;&#x10D1;&#x10D8; &#x10E3;&#x10DB;&#x10D0;&#x10E6;&#x10DA;&#x10D4;&#x10E1;&#x10D8; &#x10E1;&#x10D0;&#x10E1;&#x10EC;&#x10D0;&#x10D5;&#x10DA;&#x10D4;&#x10D1;&#x10DA;&#x10D4;&#x10D1;&#x10D8;&#x10E1;&#x10D0;&#x10D7;&#x10D5;&#x10D8;&#x10E1;</subfield>
  </datafield>
  <datafield tag="700" ind1=" " ind2=" ">
    <subfield code="a">&#x10E1;&#x10D0;&#x10DB;&#x10E1;&#x10DD;&#x10DC;&#x10D8;&#x10EB;&#x10D4;, &#x10EA;</subfield>
    <subfield code="9">16768</subfield>
  </datafield>
  <datafield tag="700" ind1=" " ind2=" ">
    <subfield code="a">&#x10DC;&#x10D0;&#x10DC;&#x10D4;&#x10D8;&#x10E8;&#x10D5;&#x10D8;&#x10DA;&#x10D8;, &#x10D2;</subfield>
    <subfield code="9">3961</subfield>
  </datafield>
  <datafield tag="700" ind1=" " ind2=" ">
    <subfield code="a">&#x10D6;&#x10E3;&#x10E0;&#x10D0;&#x10D1;&#x10D0;&#x10E8;&#x10D5;&#x10D8;&#x10DA;&#x10D8;, &#x10D3; </subfield>
    <subfield code="e">&#x10D3;&#x10D0; &#x10E1;&#x10EE;&#x10D5;..</subfield>
    <subfield code="9">16769</subfield>
  </datafield>
  <datafield tag="942" ind1=" " ind2=" ">
    <subfield code="c">BK</subfield>
    <subfield code="2">udc</subfield>
  </datafield>
  <datafield tag="952" ind1=" " ind2=" ">
    <subfield code="0">0</subfield>
    <subfield code="1">0</subfield>
    <subfield code="2">udc</subfield>
    <subfield code="4">0</subfield>
    <subfield code="6">340630758_&#x10E1;30</subfield>
    <subfield code="7">0</subfield>
    <subfield code="9">74666</subfield>
    <subfield code="a">CPL</subfield>
    <subfield code="b">CPL</subfield>
    <subfield code="c">GEN</subfield>
    <subfield code="d">2018-12-17</subfield>
    <subfield code="g">15.00</subfield>
    <subfield code="o">340.63(075.8) &#x10E1;-30</subfield>
    <subfield code="p">27909</subfield>
    <subfield code="r">2018-12-17</subfield>
    <subfield code="t">27909</subfield>
    <subfield code="w">2018-12-17</subfield>
    <subfield code="y">BK</subfield>
    <subfield code="z">15.00</subfield>
  </datafield>
  <datafield tag="952" ind1=" " ind2=" ">
    <subfield code="0">0</subfield>
    <subfield code="1">0</subfield>
    <subfield code="2">udc</subfield>
    <subfield code="4">0</subfield>
    <subfield code="6">340630758_&#x10E1;30</subfield>
    <subfield code="7">0</subfield>
    <subfield code="9">93476</subfield>
    <subfield code="a">CPL</subfield>
    <subfield code="b">CPL</subfield>
    <subfield code="c">GEN</subfield>
    <subfield code="d">2023-01-24</subfield>
    <subfield code="g">10.00</subfield>
    <subfield code="o">340.63(075.8) &#x10E1;-30</subfield>
    <subfield code="p">63576</subfield>
    <subfield code="r">2023-01-24</subfield>
    <subfield code="t">63576</subfield>
    <subfield code="w">2023-01-24</subfield>
    <subfield code="y">BK</subfield>
    <subfield code="z">10.00</subfield>
  </datafield>
</record>
